B-Letter Subdivisions of North America - Statistics

General Stats
  • This quiz has been taken 30 times
    6 since last reset
  • The average score is 8 of 15
Answer Stats
Country Subdivision Type Answer % Correct
Mexico State Baja California
100%
Mexico State Baja California Sur
83%
Antigua and Barbuda Dependency Barbuda
83%
Belize District Belize
67%
Canada Province British Columbia
67%
United Kingdom Territory British Virgin Islands
67%
Guatemala Department Baja Verapaz
50%
Dominican Republic Province Barahona
50%
United Kingdom Territory Bermuda
50%
Bahamas District Bimini
50%
Dominican Republic Province Baoruco
33%
Honduras Department Bay Islands
33%
Bahamas District Berry Islands
33%
Nicaragua Department Boaco
33%
Panama Province Bocas del Toro
33%
No matching quizzes found
Score Distribution
Percent of People with Each Score
Percentile by Number Answered
Your Score History
You have not taken this quiz since the last reset